[Event "Czech Chess Christmas 2011"]
[Site "Litomysl"]
[Date "2011.12.26"]
[Round "1.1"]
[White "Bulski, Krzysztof"]
[Black "Krupa, Krzysztof"]
[Result "1-0"]
[WhiteElo "2519"]
[BlackElo "2025"]
[PlyCount "75"]
[EventDate "2011.12.26"]

1. d4 Nf6 2. c4 c5 3. Nf3 cxd4 4. Nxd4 Nc6 5. Nc3 g6 6. e4 Bg7 7. Nc2 O-O 8.
Be2 d6 9. O-O Be6 10. f4 Rc8 11. Rb1 a5 12. Kh1 Nb4 13. Ne3 b5 14. a3 Na6 15.
cxb5 Nc5 16. Bf3 Bb3 17. Qe2 Nfd7 18. Bd2 Bd4 19. Rbc1 Nb6 20. Bg4 e6 21. f5
Qh4 22. g3 Qe7 23. fxe6 fxe6 24. Bf3 Bxe3 25. Qxe3 Nc4 26. Qg5 Qxg5 27. Bxg5
Nd3 28. Ra1 Ncxb2 29. Ne2 Ne5 30. Bg2 Rxf1+ 31. Bxf1 Nf3 32. Rc1 Rb8 33. Bf6
Nd2 34. Bxb2 Nxe4 35. Nd4 Bd5 36. Kg1 e5 37. Nc6 Rf8 38. Ne7+ 1-0

[Event "Czech Chess Christmas 2011"]
[Site "Litomysl"]
[Date "2011.12.26"]
[Round "1.2"]
[White "Skoda, Martin"]
[Black "Kanovsky, David"]
[Result "0-1"]
[WhiteElo "2019"]
[BlackElo "2453"]
[PlyCount "30"]
[EventDate "2011.12.26"]

1. e4 c5 2. f4 e6 3. Nf3 a6 4. c3 d5 5. e5 Nc6 6. d4 Bd7 7. Be2 Nh6 8. O-O Qb6
9. Kh1 cxd4 10. Nxd4 Nxd4 11. Qxd4 Bc5 12. Qd1 Nf5 13. Qb3 h5 14. Na3 h4 15.
Bf3 Ng3+ 0-1

[Event "Czech Chess Christmas 2011"]
[Site "Litomysl"]
[Date "2011.12.26"]
[Round "1.3"]
[White "Sabol, Marian"]
[Black "Niemers, Johannes"]
[Result "1-0"]
[WhiteElo "2371"]
[BlackElo "2011"]
[PlyCount "100"]
[EventDate "2011.12.26"]

1. Nf3 Nf6 2. g3 d5 3. c4 e6 4. Bg2 c6 5. O-O Be7 6. d4 O-O 7. Nc3 Nbd7 8. b3
Re8 9. Bb2 b6 10. Qc2 Bb7 11. Rfd1 Rc8 12. e4 dxe4 13. Ng5 Qc7 14. Ngxe4 Nxe4
15. Nxe4 Nf6 16. Nxf6+ Bxf6 17. c5 Red8 18. b4 Rd7 19. Rd2 Qd8 20. Rad1 a5 21.
a3 axb4 22. axb4 Ba6 23. Be4 g6 24. h4 Bb5 25. h5 Ra8 26. hxg6 hxg6 27. Qc3
bxc5 28. bxc5 Ra4 29. Kg2 Kg7 30. Qf3 Ra6 31. Ra1 Rxa1 32. Bxa1 Qa8 33. Bb2 Qa4
34. d5 Bxb2 35. dxe6 Re7 36. Rxb2 Bf1+ 37. Kxf1 Qc4+ 38. Kg2 Rxe6 39. Bxc6 Qxc5
40. Bd5 Re7 41. Rb7 Rxb7 42. Bxb7 f5 43. Qd5 Qe7 44. Qd4+ Kh7 45. Bc6 Qf8 46.
Qd7+ Kh6 47. Qe6 Kg7 48. Be8 Qf6 49. Qxf6+ Kxf6 50. f4 g5 1-0

[Event "Czech Chess Christmas 2011"]
[Site "Litomysl"]
[Date "2011.12.26"]
[Round "1.4"]
[White "Galvanek, Ladislav"]
[Black "Zeberski, Jakub"]
[Result "0-1"]
[WhiteElo "2000"]
[BlackElo "2360"]
[PlyCount "68"]
[EventDate "2011.12.26"]

1. d4 d5 2. Nf3 Nf6 3. Bf4 c5 4. e3 Qb6 5. Qc1 Nc6 6. c3 Bf5 7. h3 h6 8. Be2 e6
9. O-O Be7 10. Nbd2 O-O 11. Ne5 Rac8 12. Ndf3 cxd4 13. Nxc6 bxc6 14. exd4 c5
15. Be3 Ne4 16. dxc5 Bxc5 17. Bxc5 Rxc5 18. Nd4 Bg6 19. Nb3 Rc7 20. Qe3 Qxe3
21. fxe3 Rb8 22. Bf3 a5 23. Bxe4 Bxe4 24. Rf2 a4 25. Nd2 Bf5 26. Nf3 a3 27.
bxa3 Rxc3 28. Nd4 Be4 29. Raf1 e5 30. Nb3 f6 31. Re1 Ra8 32. Nd2 Bg6 33. e4
dxe4 34. Nxe4 Rcxa3 0-1

[Event "Czech Chess Christmas 2011"]
[Site "Litomysl"]
[Date "2011.12.26"]
[Round "1.5"]
[White "Jasny, Stanislav"]
[Black "Trhal, Michal"]
[Result "1-0"]
[WhiteElo "2348"]
[BlackElo "1999"]
[PlyCount "27"]
[EventDate "2011.12.26"]

1. e4 c6 2. d4 d5 3. e5 Bf5 4. Nf3 e6 5. Be2 c5 6. Be3 Qb6 7. Nc3 Nc6 8. O-O
Qxb2 9. Nb5 O-O-O 10. dxc5 Qxc2 11. Qe1 Qa4 12. Nfd4 Nge7 13. Nd6+ Rxd6 14. Bb5
1-0

[Event "Czech Chess Christmas 2011"]
[Site "Litomysl"]
[Date "2011.12.26"]
[Round "1.6"]
[White "Starek, Stanislav"]
[Black "Cerveny, Martin"]
[Result "0-1"]
[WhiteElo "1995"]
[BlackElo "2347"]
[PlyCount "120"]
[EventDate "2011.12.26"]

1. d4 d5 2. c4 c6 3. Nc3 Nf6 4. Bg5 Qb6 5. Qd2 Nbd7 6. cxd5 cxd5 7. e3 e6 8.
Bd3 a6 9. Nf3 Bd6 10. O-O O-O 11. Rac1 Qa5 12. Bxf6 Nxf6 13. Ne4 Qxd2 14. Nxf6+
gxf6 15. Nxd2 f5 16. f3 Bd7 17. Rc2 Rfc8 18. Rfc1 Kg7 19. Kf2 Rxc2 20. Rxc2 Kf6
21. g3 Ke7 22. Nb3 Ba4 23. Rc3 b6 24. a3 a5 25. Ke2 h6 26. Kf2 Kd7 27. Nd2 Ke7
28. Rc1 Rb8 29. Ke2 Bd7 30. Nb3 f6 31. f4 Re8 32. Rc3 Rg8 33. Nd2 h5 34. Nf3 b5
35. Nh4 Ra8 36. Rc1 Rb8 37. Nf3 b4 38. axb4 Rxb4 39. Rc2 Ba4 40. Rd2 Rb8 41.
Bc2 Bb5+ 42. Bd3 Bb4 43. Rc2 Bd7 44. Nd2 Kd6 45. Kd1 h4 46. gxh4 Rh8 47. b3 a4
48. Ra2 a3 49. Nb1 Ke7 50. Kc1 Ra8 51. Be2 Be8 52. Kd1 Kf8 53. Bf3 Kg7 54. Ke2
Bb5+ 55. Kd1 Bd3 56. Nd2 Kh6 57. Be2 Be4 58. Bf3 Rg8 59. Bxe4 fxe4 60. Nb1 Rg1+
0-1

[Event "Czech Chess Christmas 2011"]
[Site "Litomysl"]
[Date "2011.12.26"]
[Round "1.7"]
[White "Novotny, Michal"]
[Black "Pulpan, Jakub"]
[Result "0-1"]
[WhiteElo "2337"]
[BlackElo "1988"]
[PlyCount "78"]
[EventDate "2011.12.26"]

1. e4 c5 2. Nf3 e6 3. d4 cxd4 4. Nxd4 a6 5. Bd3 Nf6 6. Qe2 d6 7. Nc3 Qc7 8. Bd2
Nc6 9. Nxc6 bxc6 10. f4 d5 11. e5 Nd7 12. O-O Nc5 13. a3 Nxd3 14. cxd3 c5 15.
f5 g6 16. f6 Rb8 17. Bf4 a5 18. Nxd5 exd5 19. e6 Bd6 20. Bxd6 Qxd6 21. e7 Be6
22. Qc2 Kd7 23. Qa4+ Qc6 24. Qxa5 Rb5 25. Qd2 Rhb8 26. b4 cxb4 27. axb4 Qb6+
28. d4 Rxb4 29. Rfd1 Bf5 30. Qe3 Be4 31. Qh3+ Ke8 32. Qh6 Rxd4 33. Kh1 Rxd1+
34. Rxd1 Qf2 35. Qg5 Rb1 36. Rxb1 Bxb1 37. h4 Be4 38. Qg4 Qf1+ 39. Kh2 Qxf6 0-1

[Event "Czech Chess Christmas 2011"]
[Site "Litomysl"]
[Date "2011.12.26"]
[Round "1.8"]
[White "Macek, Kamil"]
[Black "Burdalev, Kirill"]
[Result "0-1"]
[WhiteElo "1987"]
[BlackElo "2314"]
[PlyCount "98"]
[EventDate "2011.12.26"]

1. e4 e6 2. d4 d5 3. exd5 exd5 4. Bd3 Bd6 5. h3 Nc6 6. c3 Nge7 7. Qc2 Be6 8.
Ne2 Ng6 9. Nd2 Qd7 10. Nf3 Nce7 11. Ng5 Bf5 12. Nf3 O-O-O 13. Ng5 Bxd3 14. Qxd3
Nf5 15. Bd2 Rde8 16. O-O-O f6 17. Nf7 Rhf8 18. Nxd6+ Nxd6 19. Nf4 Ne4 20. Nxg6
hxg6 21. Be3 Qa4 22. f3 Nd6 23. Bf4 Nc4 24. Kb1 Qb5 25. b3 Re2 26. Ka1 Rfe8 27.
Rd2 Re1+ 28. Rxe1 Rxe1+ 29. Rd1 Na3 30. Qd2 Re2 31. Qc1 Nc2+ 32. Kb1 Qa6 33.
Rd2 Re1 34. Rxc2 Rxc1+ 35. Kxc1 g5 36. Bg3 Qf1+ 37. Kb2 Kd7 38. Rd2 b6 39. Rc2
Qd3 40. Bf2 f5 41. h4 g4 42. fxg4 fxg4 43. g3 g6 44. Rc1 Kd6 45. Rc2 a5 46. a4
Ke6 47. Be1 Kf5 48. Bf2 Ke4 49. Be1 Qd1 0-1

[Event "Czech Chess Christmas 2011"]
[Site "Litomysl"]
[Date "2011.12.26"]
[Round "1.9"]
[White "Drozdowski, Kacper"]
[Black "Seidl, Antonin"]
[Result "1-0"]
[WhiteElo "2314"]
[BlackElo "1978"]
[PlyCount "63"]
[EventDate "2011.12.26"]

1. e4 Nc6 2. Nf3 d6 3. d4 g6 4. Nc3 Bg7 5. h3 e5 6. Bg5 Qd7 7. d5 Nce7 8. Bb5
c6 9. Ba4 h6 10. Be3 Qc7 11. dxc6 bxc6 12. Qd3 Be6 13. O-O-O Rd8 14. Qa6 f5 15.
Nd5 Qc8 16. Qxc8 Rxc8 17. Nc3 Rd8 18. exf5 gxf5 19. Bxa7 Nf6 20. Bb6 Rd7 21.
Ba5 Ne4 22. Nxe4 fxe4 23. Nd2 Ra7 24. b4 d5 25. Bb3 Kf7 26. Bb6 Ra6 27. Bc5 Nf5
28. c3 Bf6 29. a4 Nh4 30. Nxe4 dxe4 31. Rd7+ Kg6 32. Bxe6 1-0

[Event "Czech Chess Christmas 2011"]
[Site "Litomysl"]
[Date "2011.12.26"]
[Round "1.10"]
[White "Krejcova, Katerina"]
[Black "Svana, Peter"]
[Result "0-1"]
[WhiteElo "1968"]
[BlackElo "2258"]
[PlyCount "46"]
[EventDate "2011.12.26"]

1. e4 c5 2. Nf3 d6 3. d4 cxd4 4. Nxd4 Nf6 5. Nc3 a6 6. Be2 e5 7. Nb3 Be7 8. Bg5
Nbd7 9. a4 O-O 10. a5 h6 11. Be3 Re8 12. f3 b5 13. g4 Bb7 14. Qd2 b4 15. Nd5
Nxd5 16. exd5 Bh4+ 17. Kf1 Nf6 18. Bc4 Rc8 19. Bb6 Qd7 20. Qxb4 Nxd5 21. Qa4
Bc6 22. Qa3 Bb5 23. Bd3 Rxc2 0-1

[Event "Czech Chess Christmas 2011"]
[Site "Litomysl"]
[Date "2011.12.26"]
[Round "1.11"]
[White "Vrana, Frantisek"]
[Black "Bartosova, Lucie"]
[Result "1-0"]
[WhiteElo "2245"]
[BlackElo "1959"]
[PlyCount "109"]
[EventDate "2011.12.26"]

1. d4 Nf6 2. Nf3 e6 3. Bg5 d5 4. e3 c5 5. c3 Nbd7 6. Nbd2 Qc7 7. Bd3 Bd6 8. O-O
O-O 9. Qe2 Ng4 10. h3 Nh2 11. Nxh2 Bxh2+ 12. Kh1 Bd6 13. e4 Bf4 14. Bh4 dxe4
15. Qxe4 g6 16. Nf3 Rb8 17. Be7 Re8 18. Bxc5 Nxc5 19. dxc5 Bd7 20. a4 Bc6 21.
Qe2 a6 22. b4 e5 23. Be4 Bxe4 24. Qxe4 f5 25. Qc4+ Qf7 26. Qxf7+ Kxf7 27. g3 e4
28. gxf4 exf3 29. Kh2 Re4 30. Kg3 Rc4 31. Rfe1 Rxc3 32. Rad1 Rc4 33. Rd7+ Kf8
34. Rxh7 Kg8 35. Ree7 Rxb4 36. Kh4 Rc8 37. Kg5 Rc6 38. h4 Rb1 39. Kh6 g5+ 40.
Kxg5 Rg1+ 41. Kxf5 Rxc5+ 42. Ke4 Re1+ 43. Kxf3 Rc3+ 44. Kg2 Rxe7 45. Rxe7 Rc4
46. Kg3 Rxa4 47. Rxb7 Ra1 48. Kg4 a5 49. Kg5 a4 50. Ra7 a3 51. Kg6 Rg1+ 52. Kf6
Ra1 53. h5 Rh1 54. Rxa3 Rxh5 55. Kg6 1-0

[Event "Czech Chess Christmas 2011"]
[Site "Litomysl"]
[Date "2011.12.26"]
[Round "1.12"]
[White "Sokolski, Aleksander"]
[Black "Krupa, Monika"]
[Result "0-1"]
[WhiteElo "1916"]
[BlackElo "2235"]
[PlyCount "78"]
[EventDate "2011.12.26"]

1. d4 Nf6 2. c4 e6 3. Nc3 Bb4 4. Bg5 h6 5. Bh4 c5 6. d5 g5 7. Bg3 Ne4 8. Qd3
Qf6 9. Rc1 Bxc3+ 10. bxc3 Nxg3 11. hxg3 e5 12. Nf3 d6 13. Nd2 Kf8 14. Qf3 Qxf3
15. gxf3 f5 16. g4 fxg4 17. Ne4 Kg7 18. Nxd6 gxf3 19. Bh3 Bxh3 20. Rxh3 fxe2
21. Kxe2 Nd7 22. Rf3 Rhf8 23. Nxb7 Rf4 24. Rb1 g4 25. Rxf4 exf4 26. Nd6 Nb6 27.
Kd3 h5 28. Re1 Rf8 29. Re7+ Kg6 30. Ne4 h4 31. Re6+ Kg7 32. Re5 g3 33. Nxc5 h3
34. fxg3 h2 35. Rh5 fxg3 36. Ne6+ Kg6 37. Rh3 Rf3+ 38. Ke4 g2 39. Rxh2 g1=Q 0-1

[Event "Czech Chess Christmas 2011"]
[Site "Litomysl"]
[Date "2011.12.26"]
[Round "1.14"]
[White "Drozdowski, Konrad"]
[Black "Zakharchenko, Arnold"]
[Result "0-1"]
[WhiteElo "1862"]
[BlackElo "2233"]
[PlyCount "74"]
[EventDate "2011.12.26"]

1. e4 g6 2. d4 c6 3. Nc3 d5 4. Nf3 Bg7 5. h3 Nf6 6. exd5 cxd5 7. Be2 O-O 8. O-O
Nc6 9. Bf4 Bf5 10. a3 Ne4 11. Rb1 Rc8 12. Na2 Qb6 13. Be3 Rfd8 14. g4 Be6 15.
Kg2 f5 16. g5 Rf8 17. c3 f4 18. Bd2 Na5 19. b4 Nc4 20. Bxc4 Rxc4 21. Rb3 Qc7
22. Qe2 Qd7 23. Rh1 Rf5 24. h4 Rf8 25. Rb2 Bg4 26. b5 Rfc8 27. Be1 Nxc3 28.
Nxc3 Rxc3 29. Bxc3 Rxc3 30. Rb4 Bxf3+ 31. Qxf3 Rxf3 32. Kxf3 Qf5 33. Kg2 f3+
34. Kg3 e5 35. Re1 e4 36. b6 Bf8 37. Kh2 Bd6+ 0-1

[Event "Czech Chess Christmas 2011"]
[Site "Litomysl"]
[Date "2011.12.26"]
[Round "1.15"]
[White "Kratochvil, Josef"]
[Black "Kowalczyk, Mariusz"]
[Result "0-1"]
[WhiteElo "2233"]
[BlackElo "1829"]
[PlyCount "88"]
[EventDate "2011.12.26"]

1. e4 e5 2. Nf3 d6 3. d4 exd4 4. Nxd4 Nf6 5. Nc3 Be7 6. Bc4 O-O 7. O-O c6 8. a4
d5 9. exd5 cxd5 10. Be2 Nc6 11. Bg5 Be6 12. Re1 Bc5 13. Nb3 Bb6 14. Bf3 h6 15.
Bxf6 Qxf6 16. a5 Bc7 17. a6 Bb6 18. axb7 Rad8 19. Na4 Bc7 20. Nac5 Bb6 21. c3
Qe7 22. Nxe6 fxe6 23. Qe2 Rf6 24. Qb5 Qd6 25. Ra6 Nb8 26. Ra4 Nc6 27. Nd4 Nxd4
28. cxd4 Qc7 29. Bg4 Kf7 30. Qe2 Re8 31. Qe3 Kg8 32. Bh5 Ref8 33. Qh3 Qxb7 34.
Qd3 Qc6 35. Raa1 Rxf2 36. Bf3 Rc2 37. Qe3 Rc4 38. Rad1 Rf6 39. Bg4 Kf7 40. Kh1
Qd6 41. Rf1 Bxd4 42. Rxf6+ Bxf6 43. Qxa7+ Qc7 44. Qa6 Rxg4 0-1

[Event "Czech Chess Christmas 2011"]
[Site "Litomysl"]
[Date "2011.12.27"]
[Round "2.3"]
[White "Hentze, Markus"]
[Black "Sabol, Marian"]
[Result "1-0"]
[WhiteElo "2111"]
[BlackElo "2371"]
[PlyCount "101"]
[EventDate "2011.12.26"]

1. e4 c6 2. d4 g6 3. Nc3 d5 4. e5 b6 5. f4 h5 6. Nf3 Na6 7. e6 f5 8. Ne5 Qd6 9.
Nxc6 Qxe6+ 10. Ne5 Nc7 11. Nb5 Kd8 12. Nxc7 Kxc7 13. c4 Bb7 14. Qc2 Kd8 15. c5
Bg7 16. Be2 Bxe5 17. fxe5 bxc5 18. Qxc5 Qb6 19. Bd2 Qxc5 20. dxc5 Nh6 21. b4 d4
22. b5 Be4 23. Ba5+ Ke8 24. Kd2 Ng4 25. Bc7 Kd7 26. b6 axb6 27. cxb6 Kc6 28. a4
Ra5 29. Rhc1+ Kb7 30. Rc4 d3 31. Bf3 Bxf3 32. gxf3 Nxe5 33. Bxe5 Rxe5 34. a5
Ra8 35. Rc7+ Ka6 36. Rb1 e6 37. b7 Rb8 38. Rc6+ Ka7 39. a6 Ra5 40. Rbb6 e5 41.
Rd6 e4 42. Rbc6 Ra2+ 43. Ke3 d2 44. Rc8 d1=Q 45. Rxd1 Rxa6 46. Rdd8 Ra3+ 47.
Ke2 exf3+ 48. Kf2 Ra2+ 49. Kxf3 Ra3+ 50. Ke2 Ra2+ 51. Kd3 1-0

[Event "Czech Chess Christmas 2011"]
[Site "Litomysl"]
[Date "2011.12.27"]
[Round "2.4"]
[White "Zeberski, Jakub"]
[Black "Kowalczyk, Rafal"]
[Result "1-0"]
[WhiteElo "2360"]
[BlackElo "2130"]
[PlyCount "53"]
[EventDate "2011.12.26"]

1. Nf3 Nf6 2. c4 e6 3. g3 d5 4. Bg2 c6 5. b3 Be7 6. Bb2 a5 7. a3 O-O 8. O-O h6
9. d3 c5 10. e3 Nc6 11. Nc3 d4 12. exd4 cxd4 13. Nb5 e5 14. Re1 Bd6 15. Nxd6
Qxd6 16. b4 axb4 17. axb4 Rxa1 18. Qxa1 Re8 19. b5 Nd8 20. Qa8 Bf5 21. Ba3 Qc7
22. c5 b6 23. cxb6 Qxb6 24. Qa6 Nd7 25. Rxe5 Rxe5 26. Nxe5 Qb8 27. Bd6 1-0

[Event "Czech Chess Christmas 2011"]
[Site "Litomysl"]
[Date "2011.12.27"]
[Round "2.5"]
[White "Schaefer, Reyk"]
[Black "Jasny, Stanislav"]
[Result "0-1"]
[WhiteElo "2100"]
[BlackElo "2348"]
[PlyCount "32"]
[EventDate "2011.12.26"]

1. d4 Nf6 2. c4 d6 3. Nf3 g6 4. Nc3 Bg7 5. g3 O-O 6. Bg2 Nc6 7. O-O a6 8. e4
Bg4 9. h3 Bxf3 10. Bxf3 Nd7 11. Be3 e5 12. d5 Nd4 13. Bg2 c5 14. Qd2 Qa5 15. f4
Nb6 16. b3 Qxc3 0-1

[Event "Czech Chess Christmas 2011"]
[Site "Litomysl"]
[Date "2011.12.27"]
[Round "2.6"]
[White "Cerveny, Martin"]
[Black "Liuba, Volodymyr"]
[Result "1-0"]
[WhiteElo "2347"]
[BlackElo "2108"]
[PlyCount "111"]
[EventDate "2011.12.26"]

1. d4 Nf6 2. c4 e6 3. Nf3 Bb4+ 4. Nbd2 O-O 5. g3 b6 6. Bg2 Bb7 7. O-O Bxd2 8.
Qxd2 d6 9. b3 Nbd7 10. Bb2 Ne4 11. Qc2 f5 12. Rad1 Qe7 13. d5 e5 14. Nh4 g6 15.
Bxe4 fxe4 16. Qxe4 Nf6 17. Qg2 Rae8 18. e4 Nh5 19. f3 Bc8 20. Qc2 Bh3 21. Rf2
Ng7 22. b4 Rf7 23. Ng2 Ref8 24. Rdf1 g5 25. Bc1 Nh5 26. Qe2 Ng7 27. a4 h5 28.
Qe3 h4 29. Qxg5 Qxg5 30. Bxg5 hxg3 31. hxg3 Nh5 32. Bh4 Rg7 33. Kh2 Bd7 34. g4
Nf4 35. Nxf4 exf4 36. Kg1 Rh7 37. Rh2 Kf7 38. Bf2 Rxh2 39. Kxh2 Bxa4 40. Ra1 b5
41. cxb5 Bxb5 42. Rxa7 Be2 43. Rxc7+ Kg6 44. Kg2 Ra8 45. Rc2 Bd3 46. Rd2 Bb5
47. Bb6 Kg5 48. Bc7 Ra6 49. e5 dxe5 50. Bxe5 Ra3 51. d6 Bd7 52. b5 Rb3 53. Rd5
Rxb5 54. Rxb5 Bxb5 55. Kf2 Bc6 56. Ke2 1-0

[Event "Czech Chess Christmas 2011"]
[Site "Litomysl"]
[Date "2011.12.27"]
[Round "2.7"]
[White "Burdalev, Kirill"]
[Black "Navratil, Jiri"]
[Result "1-0"]
[WhiteElo "2314"]
[BlackElo "2074"]
[PlyCount "45"]
[EventDate "2011.12.26"]

1. d4 d5 2. c4 c6 3. Nf3 Nf6 4. e3 e6 5. Nbd2 Nbd7 6. Bd3 Bd6 7. e4 dxe4 8.
Nxe4 Nxe4 9. Bxe4 h6 10. O-O O-O 11. Bc2 e5 12. Re1 exd4 13. Qxd4 Bc5 14. Qc3
a5 15. a3 Nf6 16. Be3 Bxe3 17. Rxe3 Qc7 18. Rae1 Bd7 19. Ne5 Rae8 20. Nxd7 Qxd7
21. Qxa5 Rxe3 22. Rxe3 Rd8 23. Rd3 1-0

[Event "Czech Chess Christmas 2011"]
[Site "Litomysl"]
[Date "2011.12.27"]
[Round "2.9"]
[White "Svana, Peter"]
[Black "Halamus, Agata"]
[Result "0-1"]
[WhiteElo "2258"]
[BlackElo "2060"]
[PlyCount "92"]
[EventDate "2011.12.26"]

1. d4 Nf6 2. c4 g6 3. Nc3 d5 4. Nf3 Bg7 5. Bf4 c5 6. dxc5 Qa5 7. Qa4+ Qxa4 8.
Nxa4 Nc6 9. a3 dxc4 10. e3 Na5 11. Bc7 Nb3 12. Rd1 Bd7 13. Nc3 Nxc5 14. Bxc4
Rc8 15. Be5 a6 16. Ba2 O-O 17. O-O Be6 18. Bxe6 Nxe6 19. b4 Rfd8 20. Na4 Nd7
21. Bxg7 Kxg7 22. Nd4 Nxd4 23. Rxd4 b5 24. Nc5 Nxc5 25. bxc5 e5 26. Rxd8 Rxd8
27. Rc1 Rc8 28. e4 Kf6 29. Kf1 Ke6 30. Ke2 Rc7 31. a4 bxa4 32. Kd3 Kd7 33. Kc4
Kc6 34. Ra1 Rd7 35. f4 Rd4+ 36. Kc3 Rxe4 37. fxe5 Kxc5 38. Rf1 Re3+ 39. Kd2
Rxe5 40. Rxf7 Kb4 41. Rxh7 Kb3 42. Rg7 g5 43. Ra7 Ra5 44. Rb7+ Rb5 45. Ra7 a5
46. Rc7 a3 0-1

[Event "Czech Chess Christmas 2011"]
[Site "Litomysl"]
[Date "2011.12.27"]
[Round "2.10"]
[White "Michalowski, Peter"]
[Black "Vrana, Frantisek"]
[Result "0-1"]
[WhiteElo "2048"]
[BlackElo "2245"]
[PlyCount "82"]
[EventDate "2011.12.26"]

1. e4 c6 2. d4 d5 3. e5 Bf5 4. Nf3 e6 5. Be2 c5 6. Be3 Nd7 7. O-O Ne7 8. c4
cxd4 9. Bxd4 dxc4 10. Na3 Ng6 11. Nxc4 Qb8 12. Qb3 Nf4 13. Rfe1 Be4 14. Bf1 Bd5
15. Qe3 Ng6 16. Rad1 Be7 17. Nd6+ Bxd6 18. exd6 O-O 19. Bb5 Qxd6 20. Bxd7 Qxd7
21. Bxa7 Qb5 22. Bd4 Rxa2 23. Ne5 Nxe5 24. Qxe5 f6 25. Qg3 Ra4 26. Bc3 Qc5 27.
Qe3 Qc6 28. f3 Qc7 29. Rd4 Ra6 30. Rg4 Qf7 31. Rc1 Rd8 32. Bd4 Bc6 33. Bc3 e5
34. Rb4 Qg6 35. Rg4 Qf5 36. Rg3 Ra4 37. Qc5 Raa8 38. Qe7 g5 39. Re1 Rd7 40.
Rxe5 Qxe5 41. Qxd7 Qe3+ 0-1

[Event "Czech Chess Christmas 2011"]
[Site "Litomysl"]
[Date "2011.12.27"]
[Round "2.11"]
[White "Krupa, Monika"]
[Black "Kubik, Michael"]
[Result "1-0"]
[WhiteElo "2235"]
[BlackElo "2048"]
[PlyCount "59"]
[EventDate "2011.12.26"]

1. e4 c5 2. Nf3 Nc6 3. Bb5 g6 4. O-O Bg7 5. c3 Nf6 6. Re1 O-O 7. d4 d5 8. Bxc6
bxc6 9. exd5 cxd5 10. dxc5 Qc7 11. b4 a5 12. Bb2 Ba6 13. a3 e6 14. Nbd2 Nd7 15.
Qc2 Qf4 16. Nb3 a4 17. Nbd4 e5 18. Bc1 Qg4 19. h3 Qh5 20. Kh2 f5 21. Ne6 Rae8
22. Nxf8 Nxf8 23. Qxa4 Re6 24. b5 Bc8 25. Qa8 Re8 26. Qxd5+ Be6 27. Qd1 e4 28.
Nd4 Be5+ 29. f4 exf3+ 30. Rxe5 1-0

[Event "Czech Chess Christmas 2011"]
[Site "Litomysl"]
[Date "2011.12.27"]
[Round "2.12"]
[White "Hrabal, Michal"]
[Black "Balacek, Tadeas"]
[Result "1-0"]
[WhiteElo "2031"]
[BlackElo "2235"]
[PlyCount "39"]
[EventDate "2011.12.26"]

1. e4 c5 2. f4 d5 3. Nc3 Nf6 4. Bb5+ Bd7 5. Qe2 dxe4 6. Nxe4 Nxe4 7. Bxd7+ Qxd7
8. Qxe4 Nc6 9. Nf3 g6 10. O-O Bg7 11. d3 O-O 12. c3 Rad8 13. Rd1 e6 14. Be3 b6
15. d4 c4 16. Ne5 Nxe5 17. fxe5 Qd5 18. Qg4 Rb8 19. Rf1 b5 20. Bg5 1-0

[Event "Czech Chess Christmas 2011"]
[Site "Litomysl"]
[Date "2011.12.27"]
[Round "2.15"]
[White "Pulpan, Jakub"]
[Black "Wehner, Janis"]
[Result "1/2-1/2"]
[WhiteElo "1988"]
[BlackElo "2167"]
[PlyCount "52"]
[EventDate "2011.12.26"]

1. e4 c5 2. Nf3 Nc6 3. d4 cxd4 4. Nxd4 g6 5. Nc3 Bg7 6. Be3 Nf6 7. Bc4 Qa5 8.
O-O d6 9. h3 O-O 10. Bb3 Bd7 11. Re1 Nxd4 12. Bxd4 Bc6 13. Nd5 Bxd5 14. exd5
Rfe8 15. c4 Nd7 16. Bxg7 Kxg7 17. Ba4 Rad8 18. Bxd7 Rxd7 19. Qd4+ Kg8 20. Re3
Qc5 21. Qxc5 dxc5 22. Rae1 Kf8 23. a3 Rc8 24. Re4 Rdc7 25. Rh4 Kg7 26. Rhe4 Kf8
1/2-1/2

[Event "Czech Chess Christmas 2011"]
[Site "Litomysl"]
[Date "2011.12.27"]
[Round "3.1"]
[White "Bulski, Krzysztof"]
[Black "Krupa, Monika"]
[Result "1-0"]
[WhiteElo "2519"]
[BlackElo "2235"]
[PlyCount "75"]
[EventDate "2011.12.26"]

1. d4 Nf6 2. c4 e6 3. g3 d5 4. Nf3 dxc4 5. Bg2 c5 6. O-O a6 7. dxc5 Qxd1 8.
Rxd1 Bxc5 9. Ne5 Ra7 10. Nxc4 b5 11. Nd6+ Ke7 12. Nxc8+ Rxc8 13. Nc3 Nbd7 14.
Bf4 h6 15. Rac1 g5 16. Bd2 Rac7 17. a4 b4 18. Ne4 Nxe4 19. Bxe4 Ne5 20. Rxc5
Rxc5 21. Bxb4 Kf6 22. Bxc5 Rxc5 23. Rd4 Rc4 24. Rxc4 Nxc4 25. b4 Ke5 26. Bb7
Nb6 27. a5 Nd5 28. Bxa6 Nxb4 29. Bb5 Kd6 30. Kg2 Kc5 31. Be8 f5 32. Bd7 Kd6 33.
Bb5 Nd5 34. Bc4 Nc7 35. Kf3 Kc5 36. Bd3 Kd4 37. g4 f4 38. a6 1-0

[Event "Czech Chess Christmas 2011"]
[Site "Litomysl"]
[Date "2011.12.27"]
[Round "3.2"]
[White "Vrana, Frantisek"]
[Black "Zeberski, Jakub"]
[Result "0-1"]
[WhiteElo "2245"]
[BlackElo "2360"]
[PlyCount "110"]
[EventDate "2011.12.26"]

1. Nf3 c5 2. c4 Nf6 3. Nc3 e6 4. e3 d5 5. d4 cxd4 6. exd4 Be7 7. Bd3 O-O 8. O-O
Nc6 9. a3 dxc4 10. Bxc4 Nd5 11. Qd3 Nxc3 12. bxc3 b6 13. Qe4 Bb7 14. Bd3 g6 15.
Bh6 Re8 16. Rfe1 Rc8 17. Qg4 Bf6 18. h4 Bg7 19. Bxg7 Kxg7 20. h5 Ne7 21. Ne5
Nf5 22. Rac1 Qf6 23. a4 Rc7 24. Qf4 g5 25. Qh2 Nh6 26. Bb1 Rec8 27. Qh3 Ba6 28.
Re3 Qf4 29. Rc2 Bb7 30. Rce2 g4 31. Qh2 Qxh2+ 32. Kxh2 Rxc3 33. Kg3 Rc1 34. Re1
Rxe1 35. Rxe1 Rc3+ 36. Kf4 Bxg2 37. Rg1 Bh3 38. f3 f6 39. Nxg4 Bxg4 40. fxg4
Nf7 41. Rh1 h6 42. Be4 Ng5 43. Bg2 Rd3 44. Rc1 Rxd4+ 45. Kg3 Rxa4 46. Rc7+ Kf8
47. Bf1 Ra3+ 48. Kg2 a5 49. Bb5 Rb3 50. Rc8+ Ke7 51. Re8+ Kd6 52. Bd3 Ke5 53.
Bc4 Rb2+ 54. Kf1 a4 55. Rh8 b5 0-1

[Event "Czech Chess Christmas 2011"]
[Site "Litomysl"]
[Date "2011.12.27"]
[Round "3.3"]
[White "Jasny, Stanislav"]
[Black "Zakharchenko, Arnold"]
[Result "0-1"]
[WhiteElo "2348"]
[BlackElo "2233"]
[PlyCount "40"]
[EventDate "2011.12.26"]

1. e4 g6 2. d4 Bg7 3. Nc3 d6 4. Be3 a6 5. f4 b5 6. Bd3 Bb7 7. Nf3 Nd7 8. e5 c5
9. Be4 Qc7 10. O-O Rd8 11. e6 fxe6 12. Ng5 Nf8 13. dxc5 d5 14. Qe2 dxe4 15.
Rad1 Rxd1 16. Rxd1 Bxc3 17. bxc3 Nf6 18. c4 h6 19. Nh3 b4 20. g4 h5 0-1

[Event "Czech Chess Christmas 2011"]
[Site "Litomysl"]
[Date "2011.12.27"]
[Round "3.4"]
[White "Pekar, Vaclav"]
[Black "Cerveny, Martin"]
[Result "0-1"]
[WhiteElo "2170"]
[BlackElo "2347"]
[PlyCount "106"]
[EventDate "2011.12.26"]

1. c4 Nf6 2. Nc3 g6 3. g3 Bg7 4. Bg2 O-O 5. d3 c5 6. Bf4 Nc6 7. Qd2 Re8 8. Bh6
Bh8 9. h4 e6 10. Bg5 h5 11. g4 hxg4 12. h5 gxh5 13. Rxh5 Bg7 14. Rh4 Ne5 15.
O-O-O d5 16. f4 Ng6 17. Rxg4 dxc4 18. Rg3 e5 19. fxe5 Rxe5 20. Nf3 Re8 21. Nh4
Qd6 22. Rf3 Bg4 23. Rf2 cxd3 24. Nxg6 fxg6 25. Bxf6 Bxf6 26. Ne4 Rxe4 27. Bxe4
Qe5 28. Rxf6 Qxf6 29. Bxd3 Kg7 30. Rg1 Bh5 31. Bc4 Rd8 32. Qe3 Rd4 33. Bd3 b6
34. Kb1 Rb4 35. Qd2 Rf4 36. a3 g5 37. e3 Rf2 38. Qc1 Bf7 39. Rf1 Rxf1 40. Bxf1
Qf5+ 41. Ka1 Qe6 42. Qc3+ Kf8 43. Kb1 Ke7 44. Kc2 Qf5+ 45. Bd3 Qf2+ 46. Qd2
Qxd2+ 47. Kxd2 Kf6 48. Ke2 Bg6 49. Ba6 Ke5 50. Bb7 Be4 51. Bc8 Bc6 52. Kd3 Bf3
53. Kd2 g4 0-1

[Event "Czech Chess Christmas 2011"]
[Site "Litomysl"]
[Date "2011.12.27"]
[Round "3.5"]
[White "Halamus, Agata"]
[Black "Burdalev, Kirill"]
[Result "0-1"]
[WhiteElo "2060"]
[BlackElo "2314"]
[PlyCount "42"]
[EventDate "2011.12.26"]

1. e4 e6 2. d4 d5 3. Nd2 Nf6 4. e5 Nfd7 5. Bd3 c5 6. c3 b6 7. Ne2 Ba6 8. Bxa6
Nxa6 9. Nf4 Nc7 10. O-O Be7 11. Qg4 g6 12. Nf3 h5 13. Qh3 Qc8 14. g4 Qa6 15.
gxh5 O-O-O 16. h6 Rdg8 17. Qg4 g5 18. Nh5 Rxh6 19. Nxg5 Bxg5 20. f4 Rxh5 21.
Qxh5 Bh4+ 0-1